000 01805nam a2200325 i 4500
001 768714001
003 CO-MdFUSB
005 20210306112621.0
007 ta
008 200602t2007 sp ab||| |||| 00| 0 spa d
020 _a9789871117420
040 _aCO-MdFUSB
_bspa
_cCO-MdFUSB
_dCO-MdFUSBC
_erda
041 _aspa
082 _223
_a972.91064
_bR175
100 _aRamonet, Ignacio,
_eautor
245 _aFidel Castro, biografía a dos voces
_c/ Ignacio Ramonet ; Fidel Castro
264 _aMadrid :
_bDebate,
_c[2007]
264 _c© 2007
300 _a654 páginas
_bilustraciones, mapas
_c; 24 cm
336 _2rdacontent
_atexto
_btxt
337 _2rdamedia
_asin mediación
_bn
338 _2rdacarrier
_avolumen
_bnc
505 _aCien horas con Fidel 11 -- Antecedentes de la Revolución 2 --La infancia de un líder -- La forja de un rebelde -- Entrando en política. -- El asalto al cuartel Moncada -- "La Historia me absolverá" -- Che Guevara -- En la Sierra Maestra 169 -- Lecciones de una guerrilla --Revolución: primeros pasos, primeros problemas -- Empiezan las conspiraciones -- Playa Girón --La crisis de octubre de 1962 -- La muerte de Che Guevara -- Cuba y Africa -- Las crisis migratorias con Estados Unidos -- El derrumbe de la Union Sovietica -- El caso Ochoa y la pena de muerte -- Cuba y la globalización neoliberal -- La visita del presidente James Carter 369 -- Arresto de disidentes en marzo de 2003. -- Los secuestros de abril de 2003 -- Cuba y España --América Latina -- Cuba hoy -- Después de Fidel, que? -- Fechas clave en la vida de Fidel Castro y de la Revolución cubana.
563 _aRústico
600 0 _aCastro, Fidel,
653 _aEntrevistas
700 _94137
_aCastro, Fidel,
_eautor
942 _cBK
945 _aJTF-925
999 _c66010
_d66010